• 首页
  • 本馆介绍
  • 公告通知
  • 最新文献
  • 馆藏检索
  • 电子资源
  • 读者导购
  • 参考咨询
  • 我的图书馆
  • 登录
  • 详细信息显示
  • 放入我的书架
  • 预约/预借图书
  • 作者相关作品
  • 分类相关作品
  • 丛书相关作品
  • 出版社相关作品

书目信息

  • 表格格式
  • 工作单格式
  • 卡片格式
书名: Atoms and molecules
作者: Martin Karplus, Richard N. Porter.
分册号:
分册名:
出版地: Menlo Park, CA. ;
 
出版社: Benjamin/Cummings
出版时间: c1970.
页数: xiv, 620 p. :
开本: 23 cm.
丛书名:
中图分类号:
科图分类号:
其他分类号: O57:H31
主题词:
电子资源:
000 00830nam 2200229Ii 4504
001 E0732166595
005 20070306082318.54
008 030606s1970 cau 00110 eng d
020    @a0805352188 :@cCNY2.90.
040    @aIOM@cIOM@dCWR
090    @aP37/W40
090    @aO57:H31
099    @dO57:H31@ex11
100 1  @aKarplus, Martin,@d1930-
245 10 @aAtoms and molecules :@ban introduction for students of physical chemistry / @cMartin Karplus, Richard N. Porter.
260 0  @aMenlo Park, CA. ;@aReading, MA. ;@aLondon ;@aAmsterdam ;@aDon Mills, Ont. ;@aSydney :@bBenjamin/Cummings,@cc1970.
300    @axiv, 620 p. :@bill. ;@c23 cm.
504    @aIncludes bibliographical references and index.
650  0 @aAtoms.
650  0 @aMolecules.
700 10 @aPorter, Richard Needham,@d1932-
920    @a232010@z2
    
    Atoms and molecules : : an introduction for students of physical chemistry / / Martin Karplus, Richard N. Porter.-Menlo Park, CA. ; ; Reading, MA. ; ; London ; ; Amsterdam ; ; Don Mills, Ont. ; ; Sydney : : Benjamin/Cummings, , c1970.
    xiv, 620 p. : : ill. ; ; 23 cm.
    Includes bibliographical references and index.
    
    ISBN 0805352188 :CNY2.90.
    
●
相关链接 在E读中查询图书 在五车中查询图书 在当当中查询图书 在豆瓣中查询图书


正题名:Atoms and molecules     索取号:O57:H31/x11         预约/预借

序号 登录号 条形码 馆藏地/架位号 状态 备注
1 0000188   300001888   第四借阅区/ [索取号:O57:H31/x11] 在馆    
2 49175   000636672   第四借阅区/ [索取号:O57:H31/x11] 在馆    
3 49176   000636681   第四借阅区/ [索取号:O57:H31/x11] 在馆    
唐山师范学院图书馆 欢迎您!
大连网信软件有限公司© 版权所有